Countries Bordering Uzbekistan - Statistics

General Stats
  • This quiz has been taken 190 times
  • The average score is 5 of 5
Answer Stats
Country % Correct
Tajikistan
96%
Turkmenistan
96%
Afghanistan
92%
Kazakhstan
92%
Kyrgyzstan
87%
No matching quizzes found
Score Distribution
Percent of People with Each Score
Percentile by Number Answered
Your Score History
You have not taken this quiz